000 00987nam a22003017a 4500
001 BR0402331
003 BR-BrBNA
005 20230928101619.0
007 ta
008 230509b bl.||||| |||| 00| 0 por d
040 _aBR-BrBNA
_bpor
_cBiblioteca Nacional de Agricultura
041 _a(Por)
072 _aQ80; Q02; Q04
_b1126
090 _ 1126 BR0402331
100 1 _aAbreu, C.M.P. de
110 1 _aUniversidade Federal de Lavras, MG (Brasil)
_0Tese (Doutorado)
245 1 _aEfeito da embalagem de polietileno e da refrigeração no escurecimento interno e composição química durante a maturação do abacaxi c.v. Smooth Cayenne
260 3 _aLavras, MG (Brasil):
_c1995.
300 _a94 p.
500 _aSummaries (Eng, Por); Bibliography p. 81-89; 21 illus.; 20 tables
650 _aABACAXI
650 _aEMBALAGEM
650 _aOXIDAÇÃO
650 _aCOMPOSIÇÃO QUÍMICA
650 _aMATURAÇÃO
909 _a202309
_bLucia
_c55
_dLucia Elande
942 _cBK
999 _c66697
_d66697